Apuntes para el curso de geografía en la Escuela N. Preparatoria (Record no. 209000)

MARC details
000 -CABECERA
campo de control de longitud fija 00836nam a2200229 a 4500
003 - IDENTIFICADOR DEL NÚMERO DE CONTROL
campo de control MX-MxUPN
005 - FECHA Y HORA DE LA ÚLTIMA TRANSACCIÓN
campo de control 20240613120538.0
008 - ELEMENTOS DE LONGITUD FIJA--INFORMACIÓN GENERAL
campo de control de longitud fija 221103s1898 mx |||||r|||| 000 0 spa d
040 ## - FUENTE DE LA CATALOGACIÓN
Centro catalogador/agencia de origen MX-MxUPN
Lengua de catalogación spa
Centro/agencia transcriptor MX-MxUPN
041 0# - CÓDIGO DE IDIOMA
Código de lengua del texto/banda sonora o título independiente spa
050 14 - SIGNATURA TOPOGRÁFICA DE LA BIBLIOTECA DEL CONGRESO
Número de clasificación G76.5
Número de documento/Ítem S32 1898
100 1# - ASIENTO PRINCIPAL--NOMBRE PERSONAL
Nombre de persona Schulz, Miguel E.
9 (RLIN) 47232
245 10 - MENCIÓN DE TÍTULO
Título Apuntes para el curso de geografía en la Escuela N. Preparatoria
250 ## - MENCIÓN DE EDICIÓN
Mención de edición Tercera edición.
260 ## - PUBLICACIÓN, DISTRIBUCIÓN, ETC.
Lugar de publicación, distribución, etc. México :
Nombre del editor, distribuidor, etc. Imprenta Moderna,
Fecha de publicación, distribución, etc. 1898.
300 ## - DESCRIPCIÓN FÍSICA
Extensión 469 páginas
500 ## - NOTA GENERAL
Nota general "Precedida de las nociones generales de geología que establecen los programas actualmente vigentes"--portada.
650 #4 - ASIENTO SECUNDARIO DE MATERIA - TERMINO TEMATICO
Término de materia o nombre geográfico como elemento de entrada Geografía
Subdivisión general Estudio y enseñanza
9 (RLIN) 10181
775 08 - ENTRADA/ENLACE A OTRA EDICIÓN
Título Apuntes para el curso de geografía en la Escuela N. Preparatoria.
Edición Cuarta edición
902 ## - ELEMENTOS DE DATOS B LOCAL, LDB (RLIN)
Creó Víctor Ruiz/031122
942 ## - ELEMENTOS DE PUNTO DE ACCESO ADICIONAL (KOHA)
Fuente del sistema de clasificación o colocación Library of Congress Classification
Tipo de ítem Koha Libro
Holdings
Estado de retiro Estado de pérdida Fuente del sistema de clasificación o colocación Estado dañado No para préstamo Código de colección Localización permanente Ubicación/localización actual Ubicación en estantería Fecha de adquisición Clasificación Código de barras Fecha visto por última vez Precio válido a partir de Tipo de ítem Koha
    Library of Congress Classification   Disponible (Previa cita) Fondo Reservado de libros Bib. Gregorio Torres Quintero Bib. Gregorio Torres Quintero Sala de Fondos Reservados Planta alta 03/11/2022 G76.5 S32 1898 123576 03/11/2022 03/11/2022 Libro